Premières paroles des singles d'Angèle - Statistiques

Statistiques générales
  • Ce quiz a été pris 23 fois
  • Le résultat moyen est 10 sur 25
Statistiques - réponses
Hint Réponse % Correct
Tout le monde il veut seulement la thune La Thune
94%
N'existe pas sans son contraireQui, lui, semble facile à trouver Tout oublier
94%
Ils parlent tous comme des animauxDe toutes les chattes, ça parle mal Balance ton quoi
88%
Si seulement elle savait commentComment tu la regardais, elle serait effrayée Ta reine
88%
On n'a pas les tours de New YorkOn n'a pas de lumière du jour, 6 mois dans l'année Bruxelles je t'aime
75%
J'ai commencé par InstagramC'était cool j'avais un très bon programme Flou
75%
Je veux tes yeuxQue tes beaux yeux Je veux tes yeux
69%
Before you came around, I was doing just fine Fever
63%
Libre, me voilà, c'est ma voie, là (ooh)La suite en musique, sur scène, en coulisses (ooh) Libre
63%
Jusqu'ici, tout va bien, enfin, ça allaitConfiante et peur de rien avant de tomber Démons
50%
Tu nous tues, tu nous tues Jalousie
50%
Everything was going well, no obligation La Loi de Murphy
50%
I′m giving you a night call to tell you how I feel (We'll go all, all, all night long)I want to drive you through the night, down the hills (We′ll go all, all, all night long) Nightcall
44%
On perd de l'altitude toi et moiLoin de nous, où ni l'un ni l'autre n'ira Perdus
31%
OuaisOh ouais Eh, ouais Silence, je ne parle pas Écoute c'que j'ai à dire quand je parle de toi Silence
31%
Hey (hey, hey, hey)Hey (hey, hey, hey) Hey (hey, hey, hey) J'aimerais briller Mais sans jamais devoir attendre Evidemment
25%
Hey HeyTout ça dans un objet Encore faut-il qu'il soit bien chargé Amour, Haine & Danger
13%
Tant qu'ça reste une quête, j'attends la défaite, une histoire muette Que du love
13%
Down by the banks, a sunflower bloomsReaching into the clouds Sunflower
13%
Comme un sculpteur qui se retrouve avec une dalle à marbre Le sculpteur enlève tout ce qui n′est pas la statue C'est ça mon pattern Duo
6%
La mélo est gangxTon gars Sherko est l'ingé' Eh Notre Dame
6%
Se revoir à deux comme des amisSempre Regarder ailleurs pour que j'oublie Jamais Sempre/ Jamais
6%
J'suis posé dans un canap' roule haschichTélé full HD, tout le monde est assis J'ai vu
0%
J'ai pas lu tes messages (yeah, yeah)Ici j'étouffe, je dois m'échapper (yeah, yeah) Ma story
0%
Comment faire pour garder le filGarder le bon, jeter le pire S'en aller
0%
Aucun quiz correspondant
Distribution des résultats
% des personnes avec chaque résultat
Percentile par nombre de réponses
Votre historique - résultats
Vous n’avez pas pris ce quiz